000 00915cam a2200217 4500
001 WB@3612-666
008 040907n2004 000 0 eng u
035 _a(Sirsi) u127289
245 _aRegulation review
260 _c2004
490 _aRICS Press Release
_v(pr070) 7 September 2004 (2)
520 _aRICS has appointed Sir Bryan Carsberg to review its regulation of professionals working in the sector and make recommendations about any changes that are needed to bring it into line with best modern practice. It will cover aspects such as updating the existing regulatory framework, regulation at international level, RICS governance structures, and disciplinary processes. http://www.rics.org
590 _aWB
590 _aWB
650 _aRICS
650 _aREGULATION
650 _aCONSUMER PROTECTION
650 _aABOUT RICS-RICS MEMBERS
690 _aPROFESSIONAL PRACTICE
942 _n0
999 _c117969
_d117969